| 000 | 02906nam a22002657a 4500 | ||
|---|---|---|---|
| 001 | 3544 | ||
| 003 | FISKH | ||
| 005 | 20250530093739.0 | ||
| 008 | 240318b cb ||||| |||| 00| 0 eng d | ||
| 040 |
_aFISKH _bkhr _cFISKH _dFISKH |
||
| 050 | _aPZ7 | ||
| 082 | _a895.9321032 | ||
| 100 | _aKeam, Doek | ||
| 245 | _aភូមិតិរច្ឆាន / | ||
| 260 |
_aភ្នំពេញ : _bគ្រឹះស្ថានបោះពុម្ព និងចែកផ្សាយ _c2003. |
||
| 300 |
_a92 pages : _c22 cm |
||
| 500 | _aអក្សរសិល្ប៍ខ្មែរ | ||
| 520 | _aសង្រ្គាមលោកលើកទីមួយបានផ្ទុះឡើងក្នុងឆ្នាំ ១៩១៤ ដល់១៩១៩ ដែលប្រទេសកម្ពុជាស្ថិតនៅក្រោមនឹមអាណានិគមបារាំង ប្រជារាស្ត្រខ្មែររងទុក្ខវេទនាត្រូវពួកអាណានិគមកេណ្ឌឲ្យទៅច្បាំងប្រឆាំងនឹងពួកផាស៊ីសអាឡឺម៉ង់។ ទន្ទឹមនឹងនោះការឡើងថ្លៃពន្ធដារក៏កាន់តែកើនឡើងជារៀងរាល់ខែ ធ្វើឲ្យប្រជារាស្រ្តមានការក្តៅក្រហាយយ៉ាងខ្លាំង។ ប្រជារាស្រ្តនៅស្រុកមុខកំពូលចំនួន៣០០០នាក់បានធ្វើបាតុកម្ម ធ្វើញត្តិសុំឲ្យស្តេចស៊ីសុវត្ថិជួយបន្ធូរបន្ថយអំពីបញ្ហាពន្ធដារនេះ។ សូម្បីតែធម្មជាតិក៏មានការក្តៅក្រហាយពុះកញ្រ្ជោលខ្លាំងដែរ ដូចជាមានរន្ទះបាញ់ចេតិយព្រះកែវមរកត និងផ្កាយដុះកន្ទុយជាដើម ។ | ||
| 520 | _aWorld War I broke out between 1914 and 1919, when Cambodia was under the yoke of French colonization, and the Khmer people suffered and were mobilized by the colonists to fight against the German fascists. At the same time, the tax increase is increasing every month, making people very angry. 3,000 people in Muk Kampul district demonstrated to petition King Sisowath to ease the tax issue. Even nature is very hot, such as lightning, stupas, emeralds and comets. | ||
| 650 |
_aទុក្ខវេទនា _yសម័យអាណានិគមនិយមបារាំង |
||
| 650 |
_aSuffering _y French colonial period |
||
| 700 | _aឌៀក អំ | ||
| 942 |
_2ddc _cKHB _n0 |
||
| 999 |
_c3544 _d3544 |
||